000
00511nam a2200169Ia 4500
008
110201s9999 xx 000 0 und d
082
_b
B1504
_a
N 56
100
_a
बोरकर कमलाकर
245
_a
जन्मदाता
260
_b
त्रिदल प्रकाशन
365
_b
12
600
_a
बोरकर कमलाकर
630
_a
जन्मदाता
700
_a
बोरकर कमलाकर
730
_a
जन्मदाता
942
_c
BOOK
999
_c
828738
_d
828735